000 00942nam a2200277 a 4500
999 _c3046
_d3046
001 4458444
003 GBCCL
005 20241126110446.0
008 950407s1995 miu b 000 0 eng
010 _a 95138453
020 _a0800755502
040 _aDLC
_cDLC
050 0 0 _aBV4501.2
_b.W733 1995
082 0 0 _a248.4
_220
_bWRI
100 1 _aWright, H. Norman.
_9714
245 1 0 _aYour tomorrows can be different from your yesterdays /
_cH. Norman Wright.
260 _aGrand Rapids, Mich. :
_bF.H. Revell,
_cc1995.
300 _a232 p. ;
_c22 cm.
500 _aRev. ed. of: Chosen for blessing.
504 _aIncludes bibliographical references (p. 229-232).
650 0 _aChristian life.
_9183
700 1 _aWright, H. Norman.
_tChosen for blessing.
_96320
906 _a7
_bcbc
_corignew
_d3
_encip
_f19
_gy-gencatlg
942 _2ddc
_cBK
_01